| 000 | 00435nam a2200169Ia 4500 | ||
|---|---|---|---|
| 008 | 230711s9999||||xx |||||||||||||| ||und|| | ||
| 020 | _a978-1-935677-49-9 | ||
| 041 | _aENG | ||
| 082 |
_a720.92 _bCU-B |
||
| 100 | _aCurtis William J | ||
| 245 | 0 | _aBalkrishna Doshi : An Architecture for India | |
| 250 | _a1st Ed. | ||
| 260 |
_c2014 _aAhemdabad _bMapin Publishing Pvt.Ltd |
||
| 300 | _a191p. | ||
| 650 | _aArchitecture | ||
| 942 | _cBK | ||
| 999 |
_c6497 _d6497 |
||